000 00799nam a2200253Ia 4500
003 OSt
005 20221005103738.0
006 a|||||r|||| 00| 0
007 ta
008 221004b |||||||| |||| 00| 0 hin d
024 _a34176
037 _cTextual
040 _aCRL
_cCRL
_bhin
041 _2hin
_ahin
082 _aO152,3N58x, N9
100 _aसाहिल, धर्मपाल
245 0 _aखुलती गांठें
246 _aKhulatī gāanṭhean
260 _aदिल्ली
_bआधुनिक प्रकाशन भारत
_c1999
300 _a96पृ0
_ccm.
650 _aहिन्दी साहित्य
942 _hO152,3N58x, N9
_cTEXL
_2cc
999 _c1010792
_d1010792